000 00195nam a2200085 4500
001 1241824
005 20251013133328.0
245 _aCANIM PEYGAMBERİM
_cÖMER NASUHİ BİLMEN
260 _bMAVİ ÇOCUK
999 _c1241824
_d1241824